000 00398nam a2200157Ia 4500
008 230312s9999||||xx |||||||||||||| ||und||
020 _a81-7629-621-x
082 _a338
_bDUT-D
100 _aMeena Dutta
245 0 _aDefence Economics
260 _bDeep and Deep
_aNew Delhi
_c2005
300 _a234
546 _aEng.
650 _aEconomics
_vCapitalism , Meaning , Characteristics
942 _cBK
999 _c2406
_d2406